[Event "Biel Masters m 49th"]
[Site "Biel"]
[Date "2016.07.26"]
[Round "2"]
[White "Vachier Lagrave, Maxime"]
[Black "Svidler, Peter"]
[Result "1-0"]
[WhiteElo "2798"]
[BlackElo "2759"]
[Annotator "Schulz,Andre"]
[PlyCount "93"]
[EventDate "2016.07.25"]
[EventType "match"]
[EventRounds "4"]
[EventCountry "SUI"]
[SourceTitle "CBM 174"]
[Source "ChessBase"]
[SourceDate "2016.09.13"]
[SourceVersion "1"]
[SourceVersionDate "2016.09.13"]
[SourceQuality "1"]

1. e4 e5 2. Nf3 Nc6 3. Bb5 a6 4. Ba4 Nf6 5. O-O Be7 6. Re1 b5 7. Bb3 O-O 8. c3
d5 9. exd5 Nxd5 10. Nxe5 Nxe5 11. Rxe5 c6 12. d3 ({Die Hauptvariante ist hier} 
12. d4 {, aber mit dem Partiezug hat Weiß eine bessere Statistik.}) 12... Bd6
13. Re1 Bf5 14. Qf3 Qf6 ({Üblicher ist} 14... Qh4 15. g3 Qh3 {z.B:} 16. Be3
Bxd3 17. Nd2 Qf5 18. Bd4 Rae8 19. Kg2 Qxf3+ 20. Kxf3 Re6 21. Rac1 h6 22. Kg2
Rg6 23. Ne4 Nf4+ 24. Kf3 Bxe4+ 25. Rxe4 Nd3 26. Rd1 Nxb2 27. Rd2 Ba3 28. Bb6
Rd6 29. Rxd6 Bxd6 30. Re2 Nd3 $11 {1/2-1/2 (60) Wei,Y (2706)-Carlsen,M (2844)
Wijk aan Zee 2016}) 15. Nd2 Qg6 16. Bd1 Bxd3 17. Ne4 Bxe4 18. Qxe4 Qxe4 19.
Rxe4 {Damit weicht Svidler von seiner eigenen Partie gegen Anand ab.} f5 (19...
Rae8 20. Rxe8 Rxe8 21. Kf1 Bf4 22. Bf3 Bxc1 23. Rxc1 Kf8 24. a3 Rd8 25. c4 Nf4
26. Bxc6 Nd3 27. Rc2 bxc4 28. Rxc4 Nxb2 29. Rc2 Rc8 30. Ke2 Ke7 31. Be4 Rxc2+
32. Bxc2 Nc4 33. Bd3 Nxa3 34. Bxa6 {1/2-1/2 (34) Anand,V (2770)-Svidler,P 
(2758) Khanty-Mansiysk 2014}) 20. Re2 Rfe8 21. Bd2 Bf4 22. Be1 {Bewahrt das
Läuferpaar.} Nb6 23. g3 Bc7 24. Rxe8+ Rxe8 25. Bf3 Re6 26. b3 Be5 27. Rd1 Kf7
28. Kf1 g6 29. Rc1 a5 $6 {Svidlers Plan war, den Bauern nach a4 zu bringen und
zu tauschen, wonach die schwarze Probleme deutlich geringer sind. Hier erlaubt
der Zug jedoch...} (29... g5 $5) 30. c4 $1 bxc4 31. Bxa5 cxb3 32. axb3 ({Nicht
} 32. Bxb6 $2 bxa2 {und Schwarz bekommt sein Material mit Zinsen zurück.})
32... Nd5 (32... Nd7 $2 33. Bxc6 {und die beiden Läufer werden den
b-Freibauern bestens unterstützen.}) 33. Rxc6 Rxc6 34. Bxd5+ Re6 35. Bd2 Ke7
36. Bxe6 Kxe6 37. Ke2 {Weiß hat in ein Läuferendspiel mit Mehrbauern
abgewickelt. Schwarz kämpft ums Remis.} Kd5 38. Kd3 h5 39. b4 Bd6 40. Kc3 h4
41. Be3 h3 {Auf der Suche nach aktivem Gegenspiel.} ({Besser war} 41... hxg3
42. hxg3 Be5+ 43. Kb3 Bc7) 42. b5 Ke4 43. b6 Kf3 44. b7 Bb8 (44... Kg2 45. Bf4
$18 (45. Ba7 $4 Kxh2 $11)) 45. Kd3 Kg2 46. Bf4 Ba7 47. g4 ({Und wieder nicht
etwa} 47. b8=Q $4 Bxb8 48. Bxb8 Kxh2 49. g4+ Kg2 50. gxf5 gxf5 51. Ke3 $11) 1-0

[Event "Interzonal-15"]
[Site "Manila"]
[Date "1990.??.??"]
[Round "8"]
[White "Rogers, Ian"]
[Black "Adams, Michael"]
[Result "1/2-1/2"]
[WhiteElo "2535"]
[BlackElo "2590"]
[Annotator "Schussler,H"]
[PlyCount "47"]
[EventDate "1990.06.29"]
[EventType "swiss"]
[EventRounds "13"]
[EventCountry "PHI"]
[SourceTitle "CBM 019"]
[Source "ChessBase"]
[SourceDate "1990.12.01"]
[SourceVersion "1"]
[SourceVersionDate "1990.12.01"]
[SourceQuality "1"]

1. e4 e5 2. Nf3 Nc6 3. Bb5 a6 4. Ba4 Nf6 5. O-O Be7 6. Re1 b5 7. Bb3 O-O 8. c3
d5 9. exd5 Nxd5 10. Nxe5 Nxe5 11. Rxe5 c6 12. d4 Bd6 13. Re1 Qh4 14. g3 Qh3 15.
Be3 Bg4 16. Qd3 Rae8 17. Nd2 Re6 18. a4 Qh5 19. axb5 axb5 20. Qf1 Bh3 21. Qe2 (
21. Bd1 Qf5 22. Qe2 c5 23. Nf1 cxd4 24. cxd4 Nb4 25. Ra3 Nc6 26. Rd3 Bb4 27. d5
Rd6 28. Bd2 Rxd5 $10 {Sax - Sokolov, I, Haninge 1989.}) 21... Bg4 22. Qf1 Bh3
23. Qe2 Bg4 24. Qf1 1/2-1/2

[Event "Tatran Cup"]
[Site "Stary Smokovec"]
[Date "1990.??.??"]
[Round "8"]
[White "Salai, Ladislav"]
[Black "Pavlovic, Milos"]
[Result "1/2-1/2"]
[WhiteElo "2450"]
[BlackElo "2465"]
[Annotator "Schussler,H"]
[PlyCount "62"]
[EventDate "1990.??.??"]
[EventType "tourn"]
[EventRounds "11"]
[EventCountry "CSR"]
[EventCategory "10"]
[SourceTitle "CBM 021"]
[Source "ChessBase"]
[SourceDate "1991.04.01"]
[SourceVersion "1"]
[SourceVersionDate "1991.04.01"]
[SourceQuality "1"]

1. e4 e5 2. Nf3 Nc6 3. Bb5 a6 4. Ba4 Nf6 5. O-O Be7 6. Re1 b5 7. Bb3 O-O 8. c3
d5 9. exd5 Nxd5 10. Nxe5 Nxe5 11. Rxe5 c6 12. d4 Bd6 13. Re1 Qh4 14. g3 Qh3 15.
Be3 Bg4 16. Qd3 f5 17. f4 Kh8 18. Bxd5 cxd5 19. Nd2 Rae8 {The game has now
transposed to the main-line starting with 16. - Tae8.} 20. a4 bxa4 21. Qxa6 {
Normally White has played Df1 forcing Dh5 before he takes on a6. The
negligence to do so allows Black to solve his problems with a combination:}
Rxe3 $1 22. Rxe3 Bxf4 23. Nf1 Bxe3+ 24. Nxe3 Bf3 25. Qd6 Re8 26. Rxa4 Qh5 27.
Qd7 Be4 28. g4 fxg4 29. Ra7 Rg8 30. Qxg4 Qh6 31. Qg3 Qb6 1/2-1/2

[Event "Linares 09th"]
[Site "Linares"]
[Date "1991.??.??"]
[Round "13"]
[White "Timman, Jan H"]
[Black "Ivanchuk, Vassily"]
[Result "1/2-1/2"]
[WhiteElo "2630"]
[BlackElo "2695"]
[Annotator "Schussler,H"]
[PlyCount "48"]
[EventDate "1991.02.??"]
[EventType "tourn"]
[EventRounds "13"]
[EventCountry "ESP"]
[EventCategory "17"]
[SourceTitle "CBM 022"]
[Source "ChessBase"]
[SourceDate "1991.06.01"]
[SourceVersion "1"]
[SourceVersionDate "1991.06.01"]
[SourceQuality "1"]

1. e4 {Anand} e5 2. Nf3 Nc6 3. Bb5 a6 4. Ba4 Nf6 5. O-O Be7 6. Re1 b5 7. Bb3
O-O 8. c3 d5 9. exd5 Nxd5 10. Nxe5 Nxe5 11. Rxe5 c6 12. d4 Bd6 13. Re1 Qh4 14.
g3 Qh3 15. Re4 g5 {15. - Bb7!? (Korchnoi)} (15... Qd7 {Anand Two games of Ivan
Sokolov in Waz 1991 failed to rehabilitate 15...Qd7}) 16. Qf3 Bf5 (16... f5 $2
17. Re5 $1 Bxe5 18. dxe5 Be6 19. Bxg5 $16 {(Nunn)}) 17. Bxd5 (17. Bc2 Bxe4 18.
Bxe4 Qe6 19. Bxg5 f5 $10) 17... cxd5 18. Re3 Be4 19. Rxe4 dxe4 20. Qf6 Qg4 (
20... Bf4 $5 21. Bxf4 gxf4 22. Qxf4 f5 23. Nd2 Kg7 24. Nf1 Qh6 {Draw agreed,
Stean-Radulovic, Schilde 1970.}) 21. Nd2 $5 {A new try avoiding the much
analyzed ending.} (21. Qxg5+ Qxg5 22. Bxg5 $10) 21... Rae8 22. Nf1 (22. Qxd6 {
Anand} e3 23. fxe3 (23. Nf1 exf2+ $40 (23... e2 24. Be3 $13)) 23... Rxe3 $40)
22... Be7 23. Qxa6 f5 24. Qxb5 f4 {Last round!} (24... f4 {Anand} 25. Bd2 e3
26. Bxe3 fxe3 27. Nxe3 $44 {Timman}) 1/2-1/2

[Event "Dortmund-A"]
[Site "Dortmund"]
[Date "1991.??.??"]
[Round "5"]
[White "Kindermann, Stefan"]
[Black "Nunn, John DM"]
[Result "1-0"]
[WhiteElo "2515"]
[BlackElo "2600"]
[Annotator "Schussler,H"]
[PlyCount "105"]
[EventDate "1991.03.23"]
[EventType "tourn"]
[EventRounds "9"]
[EventCountry "GER"]
[EventCategory "12"]
[SourceTitle "CBM 023"]
[Source "ChessBase"]
[SourceDate "1991.08.01"]
[SourceVersion "1"]
[SourceVersionDate "1991.08.01"]
[SourceQuality "1"]

1. e4 e5 2. Nf3 Nc6 3. Bb5 a6 4. Ba4 Nf6 5. O-O Be7 6. Re1 b5 7. Bb3 O-O 8. c3
d5 9. exd5 Nxd5 10. Nxe5 Nxe5 11. Rxe5 c6 12. d4 Bd6 13. Re2 Bg4 14. f3 Bh5 15.
Qf1 $5 (15. Nd2 Nf4 16. Rf2 Nd3 17. Re2 $10 {(17.Rf1 Qh4)}) 15... Bg6 16. Qf2
Qf6 17. g3 Bd3 18. Re1 Qg6 19. Nd2 f5 20. f4 Kh8 21. Nf3 Be4 22. Ne5 Bxe5 23.
dxe5 h6 24. Bc2 Bxc2 25. Qxc2 Qe6 26. Bd2 g5 27. Rf1 g4 28. b3 $16 Rac8 29. c4
Ne7 30. Rad1 c5 31. Be3 Rc6 32. Rf2 $1 $18 Nc8 33. Rfd2 Rf7 34. Qd3 bxc4 35.
bxc4 Kg7 36. Qd5 Nb6 37. Qxe6 Rxe6 38. Bxc5 Nxc4 39. Rc2 Na5 40. Bd6 Nb7 41.
Rc6 Nxd6 42. exd6 Kf6 43. Rxa6 Rd7 44. Kf2 Re4 45. a4 Rb4 46. Rd2 Ke6 47. Re2+
Kf6 48. Ra2 Kg6 49. a5 Kh5 50. Rc6 Re4 51. Rc5 Rxd6 52. Rxf5+ Kg6 53. Re5 1-0

[Event "Brno Morava-A"]
[Site "Brno"]
[Date "1991.??.??"]
[Round "9"]
[White "Polgar, Judit"]
[Black "Murshed, Niaz"]
[Result "1-0"]
[WhiteElo "2550"]
[BlackElo "2510"]
[Annotator "Schussler,H"]
[PlyCount "55"]
[EventDate "1991.09.??"]
[EventType "tourn"]
[EventRounds "9"]
[EventCountry "CSR"]
[EventCategory "13"]
[SourceTitle "CBM 026"]
[Source "ChessBase"]
[SourceDate "1992.02.01"]
[SourceVersion "1"]
[SourceVersionDate "1992.02.01"]
[SourceQuality "1"]

1. e4 e5 2. Nf3 Nc6 3. Bb5 a6 4. Ba4 Nf6 5. O-O Be7 6. Re1 b5 7. Bb3 O-O 8. c3
d5 9. exd5 e4 $5 {The "real Marshall" seems to be popular again.} 10. dxc6 exf3
11. d4 fxg2 (11... Re8 12. Bg5 Bg4 13. Bxf6 Bxf6 14. Rxe8+ Qxe8 15. Nd2 Qxc6
16. Nxf3 Bxf3 $14 17. gxf3 $2 {Rodriguez,Am-Arencibia,WR, Capablanca mem 1991 
(CBM 26/game 150).}) 12. Bg5 Re8 $2 (12... Bg4 13. Qd3 Re8 14. Nd2 Nh5 15. Nf3
Bf6 16. Re5 $5 Qd6 17. Qe4 Be6 18. Bc2 $13 {Antunes,A-Murshed,N, Brno 1991 
(CBM 26/game 113).}) 13. Qf3 $16 Bg4 (13... Bg4 14. Qxg2) 14. Qxg2 Nh5 15. Qxg4
Bxg5 16. Rxe8+ Qxe8 17. Qxh5 $18 Bc1 18. a4 b4 19. Qe5 Qxe5 20. dxe5 Bxb2 21.
Ra2 bxc3 22. Na3 Rb8 23. Bc2 Rb4 24. Kf1 Kf8 25. Ke2 Rh4 26. a5 Rd4 27. Ke3 Rb4
28. Kd3 1-0

[Event "London WFW"]
[Site "London"]
[Date "1990.??.??"]
[Round "?"]
[White "Frias Pablaza, Victor J"]
[Black "Wolff, Patrick G"]
[Result "1/2-1/2"]
[WhiteElo "2500"]
[BlackElo "2500"]
[Annotator "Schussler,H"]
[PlyCount "37"]
[EventDate "1990.04.??"]
[EventType "tourn"]
[EventRounds "13"]
[EventCountry "ENG"]
[EventCategory "11"]
[SourceTitle "CBM 018"]
[Source "ChessBase"]
[SourceDate "1990.10.01"]
[SourceVersion "1"]
[SourceVersionDate "1990.10.01"]
[SourceQuality "1"]

1. e4 e5 2. Nf3 Nc6 3. Bb5 a6 4. Ba4 Nf6 5. O-O Be7 6. Re1 b5 7. Bb3 O-O 8. c3
d5 9. exd5 Nxd5 10. Nxe5 Nxe5 11. Rxe5 c6 12. Bxd5 cxd5 13. d4 Bd6 14. Re3 Qh4
15. h3 g5 16. Qf3 Be6 17. Qf6 Rfe8 18. g3 (18. Nd2 Qf4 19. Qxf4 Bxf4 20. Re1
Bxh3 $10) 18... Qh5 19. g4 1/2-1/2

[Event "Dortmund-A"]
[Site "Dortmund"]
[Date "1991.??.??"]
[Round "6"]
[White "Smagin, Sergey"]
[Black "Nunn, John DM"]
[Result "1-0"]
[WhiteElo "2550"]
[BlackElo "2600"]
[Annotator "Schussler,H"]
[PlyCount "59"]
[EventDate "1991.03.23"]
[EventType "tourn"]
[EventRounds "9"]
[EventCountry "GER"]
[EventCategory "12"]
[SourceTitle "CBM 023"]
[Source "ChessBase"]
[SourceDate "1991.08.01"]
[SourceVersion "1"]
[SourceVersionDate "1991.08.01"]
[SourceQuality "1"]

1. e4 e5 2. Nf3 Nc6 3. Bb5 a6 4. Ba4 Nf6 5. O-O Be7 6. Re1 b5 7. Bb3 O-O 8. c3
d5 9. exd5 Nxd5 10. Nxe5 Nxe5 11. Rxe5 c6 12. Re1 Bd6 13. d3 Qh4 {13. - Bf5! 
(Nunn)} 14. g3 Qh3 15. Re4 {Preventing 15. - Bg4.} Qd7 {15. - g5 doesn`t work
now as the R at e4 is protected after 16.Bxg5 Qf5 (compare with the situation
if White had played 16.d4). Possible is instead 15. - Bb7, 15. - Bd7, 15. -
Nf6 or 15. - Qf5.} 16. Re1 Qh3 17. Re4 Qd7 18. Nd2 $1 Bb7 19. Re1 {Recommended
by De Firmian and stronger than 19.Nf3 c5 as in De Firmian-Wahls, Biel 1990.}
c5 20. Ne4 $14 Be7 21. Bg5 Rad8 (21... f5 22. Qh5 $1 h6 23. Bxe7 Qxe7 24. Nd2)
22. Bxe7 Qxe7 23. Qh5 g6 24. Qg5 f6 25. Qh4 Ba8 26. Re2 Kh8 27. Rae1 Nb6 28.
Qh6 Qb7 29. f3 c4 30. Ng5 $1 1-0

[Event "OHRA-A"]
[Site "Amsterdam"]
[Date "1990.??.??"]
[Round "10"]
[White "Van der Wiel, John"]
[Black "Nunn, John DM"]
[Result "1/2-1/2"]
[WhiteElo "2555"]
[BlackElo "2610"]
[Annotator "Schussler,H"]
[PlyCount "52"]
[EventDate "1990.07.??"]
[EventType "tourn"]
[EventRounds "10"]
[EventCountry "NED"]
[EventCategory "14"]
[SourceTitle "CBM 020"]
[Source "ChessBase"]
[SourceDate "1991.02.01"]
[SourceVersion "1"]
[SourceVersionDate "1991.02.01"]
[SourceQuality "1"]

1. e4 e5 2. Nf3 Nc6 3. Bb5 a6 4. Ba4 Nf6 5. O-O Be7 6. Re1 b5 7. Bb3 O-O 8. c3
d5 9. exd5 Nxd5 10. Nxe5 Nxe5 11. Rxe5 c6 12. Bxd5 cxd5 13. d4 Bd6 14. Re3 Qh4
15. h3 Qf4 (15... f5 16. Qf3 Bb7 17. Nd2 $14 g5 $2 18. Qe2 $16 {Hübner-Nunn,
SkellefteÅ 1989}) (15... g5 16. Qf3 Be6 17. Qf6 Rfe8 18. Na3 Qh5 19. Bd2 Be7
20. Qe5 $13 {Wolff-Hellers, New York Open 1990}) 16. Re5 Qf6 17. Re1 Qg6 18.
Kh1 (18. Qf3 Be6 19. Bf4 Bxf4 20. Qxf4 Bxh3 21. Qg3 Qc2 $1 22. c4 $1 Be6 23.
cxd5 Bxd5 24. Nc3 Rad8 25. Re2 Qg6 $10 {Holmov-Tal, Kislovodsk 1972}) 18... Bf5
19. Be3 Bc2 $1 {This secures equality as White has no good square for his Q.
20.Qf3 would allow 20. - f5! 21.Qxd5+ Kh8 with the possibilities 22. - Be4 and
22. - f4. 20.Qc1 Be4 and 20.Qe2 Bd3 is also satisfactory for Black.} 20. Qg4
Qxg4 21. hxg4 f5 22. gxf5 Rxf5 23. Kg1 {23.g4!?} Rh5 24. Nd2 {24.f3 Bg3!?} Bh2+
25. Kh1 Bb8+ 26. Kg1 Bh2+ 1/2-1/2

[Event "Terrassa"]
[Site "Terrassa"]
[Date "1991.??.??"]
[Round "6"]
[White "Ivanchuk, Vassily"]
[Black "Adams, Michael"]
[Result "0-1"]
[WhiteElo "2695"]
[BlackElo "2600"]
[Annotator "Schussler,H"]
[PlyCount "84"]
[EventDate "1991.05.??"]
[EventType "tourn"]
[EventRounds "9"]
[EventCountry "ESP"]
[EventCategory "12"]
[SourceTitle "CBM 024"]
[Source "ChessBase"]
[SourceDate "1991.10.01"]
[SourceVersion "1"]
[SourceVersionDate "1991.10.01"]
[SourceQuality "1"]

1. e4 e5 2. Nf3 Nc6 3. Bb5 a6 4. Ba4 Nf6 5. O-O Be7 6. Re1 b5 7. Bb3 O-O 8. c3
d5 9. exd5 Nxd5 10. Nxe5 Nxe5 11. Rxe5 c6 12. d4 Bd6 13. Re1 Qh4 14. g3 Qh3 15.
Be3 Bg4 16. Qd3 Rae8 17. Nd2 Qh5 {The modern line. Other main-lines are 17. -
Re6 and 17. - f5.} 18. Nf1 Re6 19. Bd1 f5 20. Bxg4 Qxg4 21. Bd2 Rg6 22. Kg2 $2
{This doesn`t contribute much to the defence. Critical is 22.Qe2 Qh3 23.f3
followed by 24.Qg2.} f4 23. f3 Qh5 24. g4 Qh4 (24... Rxg4+ $2 25. fxg4 Qxg4+
26. Kh1 f3 27. Ng3 Bxg3 28. Rg1 $1 $18) 25. Re2 Rxg4+ $1 $17 26. fxg4 f3+ 27.
Kh1 fxe2 28. Qxe2 Kh8 29. Kg1 h6 30. Qg2 Bf4 $1 31. Be1 Qg5 32. h3 Qg6 33. Rd1
Bb8 34. Rd2 Qb1 35. Bf2 Kg8 36. b3 Bf4 37. Re2 Nxc3 38. Re6 Qxa2 $19 39. Rxc6
Qxb3 40. Rxa6 Ne2+ 41. Kh1 Bb8 42. Be1 Qd1 0-1